000 00391nam a2200157Ia 4500
008 140316s9999 xx 000 0 und d
020 _a
082 _a814
_bVIJ/SW
100 _aVijayan,M N
245 _aSwathanthryathinte artham
260 _aThrissur
_bNishagandhi publications
_c2007
300 _a136
650 _amalayalam essays
650 _amalayalam stories
942 _2ddc
_cBK
999 _c10218
_d10218